000 00817nam a22002777a 4500
003 UA-OsUOA
001 35961
007 ta
008 20060110b un ||||| |||| 00| 0 ukr d
100 _aРогальский Ф.Б.
700 _aКурилович Я.Е.
700 _aЦокуренко А.А.
090 _a517:33
_bР59
942 _cBK
040 _aUA-OsUOA
_bukr
_cUA-OsUOA
_dUA-OsUOA
245 _aМатематические методы анализа экономических систем. В двух книгах
300 _a435 с.
955 _a2
041 _aukr
080 _a517:33
020 _a966-00-0685-3
260 _aК.
_bНаукова думка
_c2001
246 3 1 _a1
_nТеоретические основы
650 7 _a517 Аналіз
_2UDC
999 _c322270
_d322270